Петрология габбро-сиенитового комплекса Кондомского железорудного района Горной Шории: Диссертация на соискание ученой степени кандидата геолого-минералогических наук

Dettagli Bibliografici
Autore principale: Иванова Г. М.
Ente Autore: Томский политехнический институт (ТПИ)
Altri autori: Ильенок С. С. (научный руководитель)
Lingua:russo
Pubblicazione: Томск, 1966
Soggetti:
Natura: MixedMaterials Libro
KOHA link:https://koha.lib.tpu.ru/cgi-bin/koha/opac-detail.pl?biblionumber=144350

MARC

LEADER 00000nbm0a2200000 4500
001 144350
005 20231031143624.0
035 |a (RuTPU)RU\TPU\book\156437 
090 |a 144350 
100 |a 20081002d1966 k y0rusy50 ca 
101 0 |a rus 
102 |a RU 
105 |a a m 001zy 
200 1 |a Петрология габбро-сиенитового комплекса Кондомского железорудного района Горной Шории  |e Диссертация на соискание ученой степени кандидата геолого-минералогических наук  |f Г. М. Иванова  |g Томский политехнический институт (ТПИ) ; науч. рук. С. С. Ильенок 
210 |a Томск  |d 1966 
215 |a 360 л.  |c ил. 
320 |a Библиогр.: с. 335-356 (218 назв.) 
610 1 |a диссертации 
610 1 |a Горная Шория 
610 1 |a Кондомский железорудный район 
610 1 |a габбро-сиенитовый комплекс 
610 1 |a петрология 
610 1 |a физико-географический очерк 
610 1 |a геологическое строение 
610 1 |a полезные ископаемые 
610 1 |a щелочные шпаты 
610 1 |a петрохимические особенности 
675 |a 552.1(04)  |v 3 
700 1 |a Иванова  |b Г. М. 
702 1 |a Ильенок  |b С. С.  |4 727 
712 0 2 |a Томский политехнический институт (ТПИ)  |c (1944-1991)  |2 stltpush  |3 (RuTPU)RU\TPU\col\1123 
801 1 |a RU  |b 63413507  |c 20081002  |g PSBO 
942 |c BK